Genetics, genomics and breeding of sugarcane (Record no. 11858)

MARC details
000 -LEADER
fixed length control field 01315nam a2200349Ia 4500
001 - CONTROL NUMBER
control field SCP0NE10470PDF
003 - CONTROL NUMBER IDENTIFIER
control field BD-DhSAU
005 - DATE AND TIME OF LATEST TRANSACTION
control field 20151012144306.0
006 - FIXED-LENGTH DATA ELEMENTS--ADDITIONAL MATERIAL CHARACTERISTICS
fixed length control field m|||||o||d||||||||
007 - PHYSICAL DESCRIPTION FIXED FIELD--GENERAL INFORMATION
fixed length control field cr||||
008 - FIXED-LENGTH DATA ELEMENTS--GENERAL INFORMATION
fixed length control field 100317s2010 nhu s 000 0 eng d
020 ## - INTERNATIONAL STANDARD BOOK NUMBER
International Standard Book Number 9781439848609 (ebook : PDF)
040 ## - CATALOGING SOURCE
Original cataloging agency BD-DhSAU
Transcribing agency BD-DhSAU
090 ## - LOCALLY ASSIGNED LC-TYPE CALL NUMBER (OCLC); LOCAL CALL NUMBER (OCLC)
Classification number (OCLC) (R) ; Classification number, CALL (RLIN) (NR) SB231
Local cutter number (OCLC) ; Book number/undivided call number, CALL (RLIN) .G46 2010
092 ## - LOCALLY ASSIGNED DEWEY CALL NUMBER (OCLC)
Classification number 633.61233
Item number G328
245 00 - TITLE STATEMENT
Title Genetics, genomics and breeding of sugarcane
Medium [electronic resource] /
Statement of responsibility, etc. editors: Robert J. Henry, Chittaranjan Kole.
250 ## - EDITION STATEMENT
Edition statement 1st ed.
260 ## - PUBLICATION, DISTRIBUTION, ETC. (IMPRINT)
Place of publication, distribution, etc. Enfield, N.H. :
Name of publisher, distributor, etc. Science Publishers ;
Place of publication, distribution, etc. Boca Raton, Fla. :
Name of publisher, distributor, etc. Distributed by CRC Press,
Date of publication, distribution, etc. c2010.
300 ## - PHYSICAL DESCRIPTION
Extent 300 p.
490 1# - SERIES STATEMENT
Series statement Genetics, genomics and breeding of crop plants
530 ## - ADDITIONAL PHYSICAL FORM AVAILABLE NOTE
Additional physical form available note Also available in print edition.
538 ## - SYSTEM DETAILS NOTE
System details note Mode of access: World Wide Web.
650 #0 - SUBJECT ADDED ENTRY--TOPICAL TERM
Topical term or geographic name as entry element Sugarcane
General subdivision Genetics.
650 #0 - SUBJECT ADDED ENTRY--TOPICAL TERM
Topical term or geographic name as entry element Sugarcane
General subdivision Genome mapping.
650 #0 - SUBJECT ADDED ENTRY--TOPICAL TERM
Topical term or geographic name as entry element Sugarcane
General subdivision Breeding.
655 #7 - INDEX TERM--GENRE/FORM
Genre/form data or focus term Electronic books.
Source of term lcsh
700 1# - ADDED ENTRY--PERSONAL NAME
Personal name Henry, Robert J.
700 1# - ADDED ENTRY--PERSONAL NAME
Personal name Kole, Chittaranjan.
776 1# - ADDITIONAL PHYSICAL FORM ENTRY
International Standard Book Number 9781578086849
830 #0 - SERIES ADDED ENTRY--UNIFORM TITLE
Uniform title Genetics, genomics and breeding of crop plants.
856 40 - ELECTRONIC LOCATION AND ACCESS
Uniform Resource Identifier <a href="http://marc.crcnetbase.com/isbn/9781439848609">http://marc.crcnetbase.com/isbn/9781439848609</a>
Electronic format type application/PDF

No items available.